Normal view
MARC view
- AAQIB, AHSAN, BILAL
Entry Personal Name
001 - CONTROL NUMBER
- control field: 72057
003 - CONTROL NUMBER IDENTIFIER
- control field: NUST
005 - DATE AND TIME OF LATEST TRANSACTION
- control field: 20210628204733.0
008 - FIXED-LENGTH DATA ELEMENTS
- fixed length control field: 210628|| aca||aabn | a|a d
040 ## - CATALOGING SOURCE
- Original cataloging agency: NUST
- Transcribing agency: NUST
100 ## - HEADING--PERSONAL NAME
- Personal name: AAQIB, AHSAN, BILAL
670 ## - SOURCE DATA FOUND
- Source citation: Work cat.: (NUST): AAQIB, AHSAN, BILAL, PR-SOF-1277-DESIGN AND FABRICATION OF LOW HEAD VERTICAL KAPLAN TURBINE, 2013
